Munkahelyi pszichoszociális tényezők a közszférában
| Szerző: | |
|---|---|
| További közreműködők: | |
| Dokumentumtípus: | Záródolgozat |
| Kulcsszavak: | Copsoq mentálhigiénia pszichoszociális stressz stresszkezelés |
| Online Access: | http://dolgozattar.uni-bge.hu/59955 |
MARC
| LEADER | 00000nta a2200000 i 4500 | ||
|---|---|---|---|
| 001 | dolg59955 | ||
| 005 | 20260409145808.0 | ||
| 008 | 260409suuuu hu o 000 hun d | ||
| 040 | |a BGE Dolgozattár Repozitórium |b hun | ||
| 041 | |a hu | ||
| 100 | 1 | |a Tóth Szilvia | |
| 245 | 1 | 0 | |a Munkahelyi pszichoszociális tényezők a közszférában |c Tóth Szilvia |h [elektronikus dokumentum] |
| 516 | |a Final_paper | ||
| 520 | 3 | |a A kutatás célja a közszférában, szociális területen dolgozó munkatársak mentális megterhelésének mértékének és jellegének feltárása a COPSOQ II kérdőív alkalmazásával. A felmérés során meghatározásra kerülnek azok a területek, emelyek a legnagyobb stresszterhelést okozzák A munkahelyi pszichoszociális kockázati tényezők vizsgálata alapján egy átfogó mentálhigiénés fejlesztési terv készül a feltárt problémák kezelésére. A szakdolgozat foglalkozik a mentális egészség megőrzésével és a stresszel kapcsolatos témakörrel. | |
| 695 | |a Copsoq | ||
| 695 | |a mentálhigiénia | ||
| 695 | |a pszichoszociális | ||
| 695 | |a stressz | ||
| 695 | |a stresszkezelés | ||
| 700 | 1 | |a Heitlerné Lehoczky Mária |e ths | |
| 856 | 4 | 0 | |u http://dolgozattar.uni-bge.hu/59955/1/Szakdolgozat%20-%20T%C3%B3th%20Szilvia.pdf |z Dokumentum-elérés |
| 856 | 4 | 0 | |u http://dolgozattar.uni-bge.hu/59955/2/T%C3%B3th%20Szilvia_belso_biralat.pdf |z Dokumentum-elérés |
| 856 | 4 | 0 | |u http://dolgozattar.uni-bge.hu/59955/3/T%C3%B3th%20Szilvia.pdf |z Dokumentum-elérés |